Comprehensive community health nursing : (Record no. 6754)
[ view plain ]
| 000 -LEADER | |
|---|---|
| fixed length control field | 01067nam a22002892 4500 |
| 001 - CONTROL NUMBER | |
| control field | 0000004955 |
| 005 - DATE AND TIME OF LATEST TRANSACTION | |
| control field | 20151217151947.0 |
| 008 - FIXED-LENGTH DATA ELEMENTS--GENERAL INFORMATION | |
| fixed length control field | 070604s xx 000 0 eng d |
| 020 ## - INTERNATIONAL STANDARD BOOK NUMBER | |
| International Standard Book Number | 0815113242 : |
| 040 ## - CATALOGING SOURCE | |
| Original cataloging agency | KABU |
| Transcribing agency | KABU |
| 050 #0 - LIBRARY OF CONGRESS CALL NUMBER | |
| Classification number | RT98 |
| Item number | .C54 1998 |
| 100 1# - MAIN ENTRY--PERSONAL NAME | |
| Personal name | Clemen-Stone, Susan. |
| -- | 0000155966 |
| 245 10 - TITLE STATEMENT | |
| Title | Comprehensive community health nursing : |
| Remainder of title | family, aggregate & community practice / |
| Statement of responsibility, etc. | Susan Clemen-Stone, Sandra L. McGuire, Diane Gerber Eigsti. |
| 250 ## - EDITION STATEMENT | |
| Edition statement | 5th ed. |
| 260 ## - PUBLICATION, DISTRIBUTION, ETC. (IMPRINT) | |
| Place of publication, distribution, etc. | St. Louis, Mo. : |
| Name of publisher, distributor, etc. | Mosby, |
| Date of publication, distribution, etc. | c1998. |
| 300 ## - PHYSICAL DESCRIPTION | |
| Extent | xix, 841 p. : |
| Other physical details | ill. ; |
| Dimensions | 29 cm. |
| 504 ## - BIBLIOGRAPHY, ETC. NOTE | |
| Bibliography, etc | Includes bibliographical references and index. |
| 650 #0 - SUBJECT ADDED ENTRY--TOPICAL TERM | |
| Topical term or geographic name as entry element | Family |
| General subdivision | Health and hygiene. |
| -- | 0000155967 |
| 650 #0 - SUBJECT ADDED ENTRY--TOPICAL TERM | |
| Topical term or geographic name as entry element | Community health nursing |
| Geographic subdivision | United States. |
| -- | 0000155968 |
| 650 #0 - SUBJECT ADDED ENTRY--TOPICAL TERM | |
| Topical term or geographic name as entry element | Family health. |
| -- | 0000155969 |
| 700 1# - ADDED ENTRY--PERSONAL NAME | |
| Personal name | McGuire, Sandra L. |
| -- | 0000155970 |
| 700 1# - ADDED ENTRY--PERSONAL NAME | |
| Personal name | Eigsti, Diane Gerber. |
| -- | 0000155971 |
| 908 ## - PUT COMMAND PARAMETER (RLIN) | |
| Put command parameter | 070604 |
| 950 ## - LOCAL HOLDINGS (RLIN) | |
| -- | 1 |
| Withdrawn status | Lost status | Source of classification or shelving scheme | Not for loan | Home library | Current library | Date acquired | Total Checkouts | Full call number | Barcode | Date last seen | Date last checked out | Price effective from | Koha item type | Total Renewals |
|---|---|---|---|---|---|---|---|---|---|---|---|---|---|---|
| Library of Congress Classification | Kabarak, Main Campus | Kabarak, Main Campus | 17/12/2015 | 1 | RT98 .C54 1998 | 006700 | 29/07/2017 | 15/07/2017 | 17/12/2015 | General Collection | ||||
| Library of Congress Classification | Kabarak, Main Campus | Kabarak, Main Campus | 17/12/2015 | 5 | RT98 .C54 1998 | 006701 | 07/02/2020 | 07/02/2020 | 17/12/2015 | General Collection | 1 |